| 000 | 01093nam a2200289Ia 4500 | ||
|---|---|---|---|
| 999 |
_c53673 _d53673 |
||
| 001 | 20720 | ||
| 003 | GE_BSU | ||
| 005 | 20210308234609.0 | ||
| 008 | 181216s2003||||xx |||||||||||||| ||eng|| | ||
| 020 | _a9780521828062 | ||
| 040 | _cGE_BSU | ||
| 041 | _aeng | ||
| 080 | _a327 S-31 | ||
| 100 |
_aSchimmelfennig, Frank _910379 |
||
| 245 | 4 |
_aThe Eu, Nato And The Integration Of Europe Rules and Rhetoric / _cFrank Schimmelfennig ; Series editors Andreas Follesdal, Johan P. Olsen |
|
| 260 | _aCambridge | ||
| 260 | _bCambridge university press | ||
| 260 | _c2003 | ||
| 300 |
_a323 p. ; _c24 cm. |
||
| 541 | _h70 Gel. | ||
| 653 | _aThe Eu, Nato And The Integration Of Europe Rules and Rhetoric | ||
| 653 | _aПравила Eu, НАТО и интеграции Европы и риторики | ||
| 653 | _aევრო, ნატო და ევროპული წესების ინტეგრაცია და რიტორიკა | ||
| 700 |
_a Andreas Follesdal, _eSeries editor _910380 |
||
| 700 |
_aJohan P. Olsen _eSeries editor _910381 |
||
| 942 |
_cBK _2udc |
||